000 00306nam a2200121Ia 4500
008 191201s2008 xx 000 0 und d
100 _aJALOTE, Pankaj
245 0 _aIntegrated Approach to Software Engineering
260 _aN. Delhi
_bNarosa
_c2008
300 _a495
650 _aB.Tech(CSE)
942 _2ddc
_cBK
999 _c313
_d313